Jednoduché účetnictví u jiných drobných organizací

Jednoduché účtovníctvo u iných drobných organizácií ako sú občianske združenia, organizačné jednotky občianskych združení, cirkvi, náboženské spolky, nadácie, záujmové združenia. Definícia peňažných prostriedkov, účtovanie v sústave jednoduchého účtovníctva, cena obstarania. Vyjadrenie jednotlivých...

Descrizione completa

Salvato in:
Dettagli Bibliografici
Autore principale: Tuček, V.
Natura: Capitolo di libro
Lingua:ceco
Soggetti:
Tags: Aggiungi Tag
Nessun Tag, puoi essere il primo ad aggiungerne!!

MARC

LEADER 00000naa a2200000 4500
001 r026584
005 20230913081041.9
041 0 |a cze 
044 |a CZ 
245 1 0 |a Jednoduché účetnictví u jiných drobných organizací  |c V. Tuček 
520 |a Jednoduché účtovníctvo u iných drobných organizácií ako sú občianske združenia, organizačné jednotky občianskych združení, cirkvi, náboženské spolky, nadácie, záujmové združenia. Definícia peňažných prostriedkov, účtovanie v sústave jednoduchého účtovníctva, cena obstarania. Vyjadrenie jednotlivých položiek vo výkaze o majetku a záväzkoch. Výkaz príjmov a výdajov. 
610 2 0 |a účtovníctvo jednoduché 
610 2 0 |a združenia občianske 
610 2 0 |a nadácie 
610 2 0 |a združenia 
100 1 |a Tuček, V.